Opora pro slabé Strukturální fondy EU

Podpora ekonomicky menej vyspelých krajín Európy prostredníctvom štrukturálnych fondov EÚ. Európsky fond regionálneho rozvoja, Európsky sociálny fond, Európsky poľnohospodársky garančný a usmerňovací fond, Fond pre podporu rybolovu, Kohézny fond. Hlavné ciele regionálnej politiky EÚ.

Gespeichert in:
Bibliographische Detailangaben
1. Verfasser: Zukal, Jiří
Format: Buchkapitel
Sprache:Tschechisch
Schlagworte:
Tags: Tag hinzufügen
Keine Tags, Fügen Sie das erste Tag hinzu!

MARC

LEADER 00000naa a2200000 4500
001 r021950
005 20230920093235.7
041 0 |a cze 
044 |a CZ 
245 1 0 |a Opora pro slabé  |b Strukturální fondy EU  |c Jiří Zukal 
520 |a Podpora ekonomicky menej vyspelých krajín Európy prostredníctvom štrukturálnych fondov EÚ. Európsky fond regionálneho rozvoja, Európsky sociálny fond, Európsky poľnohospodársky garančný a usmerňovací fond, Fond pre podporu rybolovu, Kohézny fond. Hlavné ciele regionálnej politiky EÚ. 
610 2 0 |a podpory 
610 2 0 |a pomoc finančná 
610 2 0 |a pomoc rozvojová 
610 2 0 |a politika regionálna 
610 2 0 |a Európska únia 
610 2 0 |a Európa 
100 1 |a Zukal, Jiří